نشأة الطب العربي في القرون الوسطى / Nashʼat al-ṭibb al-ʻArabī fī al-qurūn al-wusṭá

محفوظ في:

المؤلف الرئيسي: Peter E Pormann.

مؤلفون آخرون: Dr. Būlīn Kūtshīh.

التنسيق: كتاب

اللغة: Undetermined

منشور في: Bayrūt : al-Maʻhad al-Faransī lil-Sharq al-Adná, 2016.

سلاسل: Publications de l'I.F.E.A.D., 812

الموضوعات:

الوسوم: إضافة وسم

لا توجد وسوم, كن أول من يضع وسما على هذه التسجيلة!

رقم الطلب: R143 .N377

LEADER 00763nam a2200217Ia 4500
008 240329s9999||||xx |||||||||||||| ||und||
020 |a 9782724706871, 2724706870 
050 4 |a R143 .N377 
100 1 |a Peter E Pormann. 
245 1 0 |a نشأة الطب العربي في القرون الوسطى / Nashʼat al-ṭibb al-ʻArabī fī al-qurūn al-wusṭá  |c Peter E Pormann 
264 1 |a Bayrūt :  |b al-Maʻhad al-Faransī lil-Sharq al-Adná,  |c 2016. 
300 |a 181  |c 24 
490 0 |a Publications de l'I.F.E.A.D., 812 
500 |a Introduction in French 
650 |a 44.01 history of medicine 
650 |a History, Medieval 
650 |a Medicine, Arab 
650 |a Medicine, Arab History 
700 1 |a Dr. Būlīn Kūtshīh. 
942 |2 lcc  |c BK 
999 |c 57865  |d 57865